000 004880000a22001810004500
003 MACL
005 20150729135316.0
008 150729b xxu||||| |||| 00| 0 eng d
040 _aMACL
_cMACL
041 _aEnglish
082 _a333/CHA
100 _aChandhoke, S. K.
_93176
245 _aHabitation And Environment
_bInteractions, Inter-relation and Adjustments
260 _bHar Anand Publications
_c1994
_aDelhi
350 _a295
650 _aEconomics
_93178
942 _cBK
_k333
_2ddc
999 _c4206
_d4206